Découvertes 4 Unité 1B - Statistiken

Allgemein
  • Dieses Quiz wurde 31 mal gespielt
  • Das Durchschnittsergebnis liegt bei 21 aus 33
Antwortstatistiken
Deutsch Französisch % Korrekt
Attraktion: une attraction
100%
Fahrkarte: un billet
100%
Elefant: un éléphant
100%
Maschine: une machine
100%
Metall: le métal
100%
Szene, Bühne: une scène
100%
Tier: une bête
75%
Holz: le bois
75%
Konzert: un concert
75%
oben, nach oben en haut
75%
riesig, Riesen- énorme
75%
hoch haut
75%
Höhe: la hauteur
75%
breit large
75%
Breite: la largeur
75%
gehen, laufen marcher
75%
Mischung: un mélange
75%
spazieren gehen se promener
75%
Tonne: une tonne
75%
Atmosphäre: une ambiance
50%
Künster: un artiste
50%
Baustelle: un chantier
50%
Werft: un chantier naval
50%
dauer durer
50%
Ereignis: un évènement
50%
riesengroß géant
50%
Marionette: une marionnette
50%
Rhythmus: un rythme
50%
Wettbewerb: un concours
25%
es handelt sich um il s'agit de
25%
Auskunft: un renseignement
25%
bei auprès de
0%
Auftritt: une prestation
0%
Keine übereinstimmenden Quizze gefunden
Verteilung der Resultate
Anzahl Personen mit jedem Resultat
Perzentil nach korrekt beantworteten Fragen
Ihre Resultats-Entwicklung
Sie haben dieses Quiz noch nicht gespielt